[Event "AUT-chT2O 1415"]
[Site "Austria"]
[Date "2014.10.18"]
[Round "1.5"]
[White "Leitner, Gerald"]
[Black "Salamon, Werner"]
[Result "0-1"]
[WhiteElo "2210"]
[BlackElo "2116"]
[PlyCount "83"]
[EventDate "2014.10.18"]
[EventType "team-tourn"]
[EventRounds "11"]
[EventCountry "AUT"]
[SourceTitle "EXT 2015"]
[Source "ChessBase"]
[SourceDate "2014.11.20"]
[SourceVersion "1"]
[SourceVersionDate "2014.11.20"]
[SourceQuality "1"]
[WhiteTeam "Tschaturanga"]
[BlackTeam "Mattersburg"]
[WhiteTeamCountry "AUT"]
[BlackTeamCountry "AUT"]

1. c4 e6 2. d4 d5 3. Nc3 Nf6 4. Bg5 Be7 5. e3 0-0 6. Nf3 b6 7. Qc2 Bb7 8. Bxf6 Bxf6 9. cxd5 exd5 10. Bd3 h6 11. 0-0-0 c5 12. g4 g6 13. g5 hxg5 14. Bxg6 fxg6 15. Qxg6+ Bg7 16. Nxg5 Rf6 17. Qh7+ Kf8 18. Rhg1 Qe7 19. dxc5 Nd7 20. cxb6 axb6 21. Kb1 Ne5 22. Rxd5 Nc4 23. Qd3 Ne5 24. Nh7+ Kf7 25. Rxe5 Qxe5 26. Nxf6 Bxf6 27. Qg6+ Ke6 28. e4 Rc8 29. Qg4+ Ke7 30. Rg3 Rc4 31. Re3 b5 32. a3 b4 33. axb4 Rxb4 34. Qe2 Kf8 35. f3 Qc5 36. e5 Bg5 37. f4 Bxf4 38. Rh3 Qxe5 39. Qxe5 Bxe5 40. Kc2 Kg8 41. Rh5 Bf6 42. Rc5 0-1